[Event "CZE-chT2A 2223"]
[Site "Czech Republic"]
[Date "2023.02.05"]
[Round "8.3"]
[White "Richtrova, Eliska"]
[Black "Borkovec, Milan"]
[Result "1/2-1/2"]
[WhiteElo "2154"]
[BlackElo "2174"]
[PlyCount "21"]
[EventDate "2022.10.16"]
[EventType "team-tourn"]
[EventRounds "11"]
[EventCountry "CZE"]
[SourceTitle "EXT 2024"]
[Source "ChessBase"]
[SourceDate "2023.10.10"]
[SourceVersion "1"]
[SourceVersionDate "2023.10.10"]
[SourceQuality "1"]
[WhiteTeam "Budejovice"]
[BlackTeam "Tabor"]
[WhiteTeamCountry "CZE"]
[BlackTeamCountry "CZE"]

1. d4 Nf6 2. Bf4 e6 3. e3 d5 4. Bd3 Bd6 5. Nd2 0-0 6. c3 b6 7. Qf3 Ba6 8. Bc2 Nbd7 9. Qg3 Bxf4 10. Qxf4 c5 11. Ngf3 1/2-1/2

[Event "LSS No Engine Cup 231 Preliminary 0"]
[Site "LSS email"]
[Date "2022.11.22"]
[Round "?"]
[White "Borkovec, Milan"]
[Black "Neumann, Otto"]
[Result "1-0"]
[WhiteElo "2158"]
[BlackElo "1143"]
[PlyCount "57"]
[EventDate "2022.11.22"]
[EventType "tourn (corr)"]
[EventRounds "6"]
[EventCountry "GER"]
[SourceTitle "Corr 2024"]
[Source "ChessBase"]
[SourceDate "2023.10.19"]
[SourceVersion "1"]
[SourceVersionDate "2023.10.19"]
[SourceQuality "1"]

1. e4 c5 2. Nf3 Nc6 3. d4 cxd4 4. Nxd4 d6 5. Nc3 Nf6 6. Bg5 Bd7 7. Qd2 e6 8. 0-0-0 Be7 9. f4 Ng4 10. Bxe7 Qxe7 11. Ndb5 0-0 12. Nxd6 Rab8 13. e5 Nh6 14. h3 f5 15. Be2 Rfd8 16. g4 Nb4 17. gxf5 Nxf5 18. Nxf5 exf5 19. Bc4+ Be6 20. Bxe6+ Qxe6 21. Qxd8+ Rxd8 22. Rxd8+ Kf7 23. Kb1 a5 24. Rhd1 Qc4 25. R8d7+ Kg6 26. Rxb7 Qxf4 27. a3 Qf3 28. Rb6+ Kg5 29. axb4 1-0

[Event "LSS No Engine Cup 227 Preliminary 0"]
[Site "LSS email"]
[Date "2022.05.26"]
[Round "?"]
[White "Borkovec, Milan"]
[Black "Portas, Daniel"]
[Result "1-0"]
[WhiteElo "1600"]
[BlackElo "1681"]
[PlyCount "75"]
[EventDate "2022.05.26"]
[EventType "tourn (corr)"]
[EventRounds "6"]
[EventCountry "GER"]
[SourceTitle "Corr 2024"]
[Source "ChessBase"]
[SourceDate "2023.10.19"]
[SourceVersion "1"]
[SourceVersionDate "2023.10.19"]
[SourceQuality "1"]

1. e4 e5 2. Nf3 Nc6 3. d4 exd4 4. Bc4 Nf6 5. e5 d5 6. Bb5 Ne4 7. Nxd4 Bd7 8. Bxc6 bxc6 9. 0-0 Bc5 10. f3 Ng5 11. Be3 Bb6 12. f4 Ne4 13. Nd2 Nxd2 14. Qxd2 0-0 15. Nb3 Bf5 16. a4 Bxe3+ 17. Qxe3 Bxc2 18. Nd4 Be4 19. Rac1 Qd7 20. Rxc6 Rab8 21. b3 Rb4 22. Rcc1 a6 23. f5 h6 24. a5 Kh7 25. Nc6 Rb7 26. g4 Re8 27. b4 Rg8 28. h3 Re8 29. h4 Rg8 30. Qf4 Qe8 31. g5 Rh8 32. e6 hxg5 33. hxg5 fxe6 34. fxe6 Qh5 35. e7 Re8 36. Kf2 Rb5 37. Kg3 Kg8 38. Qe5 1-0

[Event "CZE-chT1W 2122"]
[Site "Czech Republic"]
[Date "2022.01.23"]
[Round "7.1"]
[White "Borkovec, Milan"]
[Black "Jurek, Josef"]
[Result "0-1"]
[WhiteElo "2207"]
[BlackElo "2208"]
[PlyCount "70"]
[EventDate "2021.10.10"]
[EventType "team-tourn"]
[EventRounds "11"]
[EventCountry "CZE"]
[SourceTitle "EXT 2023"]
[Source "ChessBase"]
[SourceDate "2022.10.05"]
[SourceVersion "1"]
[SourceVersionDate "2022.10.05"]
[SourceQuality "1"]
[WhiteTeam "Ceske Budejovice"]
[BlackTeam "Vysehrad SK Sokol"]
[WhiteTeamCountry "CZE"]
[BlackTeamCountry "CZE"]

1. e4 e6 2. d4 d5 3. Nc3 Bb4 4. e5 c5 5. Bd2 Ne7 6. a3 Bxc3 7. Bxc3 b6 8. Nf3 Ba6 9. Bxa6 Nxa6 10. 0-0 Rc8 11. Qe2 Nb8 12. Qb5+ Qd7 13. a4 0-0 14. Qxd7 Nxd7 15. a5 Nc6 16. axb6 axb6 17. Ra6 Rc7 18. Rfa1 Rfc8 19. dxc5 bxc5 20. Bd2 h6 21. c3 Rb7 22. Ra8 Rxa8 23. Rxa8+ Kh7 24. Rc8 Ncxe5 25. Nxe5 Nxe5 26. b4 Nd3 27. h4 cxb4 28. cxb4 Nxb4 29. h5 Nd3 30. f3 Nb2 31. Bc3 Nc4 32. f4 Nd6 33. Rf8 Ne4 34. Bd4 Ng3 35. Bf2 Nxh5 0-1

[Event "OP-2022-0-05242"]
[Site "LSS email"]
[Date "2022.01.12"]
[Round "?"]
[White "Borkovec, Milan"]
[Black "Baltar, Antoni"]
[Result "1/2-1/2"]
[WhiteElo "2198"]
[BlackElo "1980"]
[PlyCount "66"]
[EventDate "2022.01.11"]
[EventType "tourn (corr)"]
[EventRounds "4"]
[EventCountry "GER"]
[SourceTitle "Corr 2024"]
[Source "ChessBase"]
[SourceDate "2023.10.19"]
[SourceVersion "1"]
[SourceVersionDate "2023.10.19"]
[SourceQuality "1"]

1. e4 e5 2. Nf3 Nc6 3. d4 exd4 4. Bc4 Nf6 5. e5 d5 6. Bb5 Ne4 7. Nxd4 Bc5 8. Be3 Bd7 9. Bxc6 bxc6 10. 0-0 Qe7 11. Re1 0-0 12. f3 Ng5 13. Nc3 Bb6 14. Qd2 Ne6 15. a3 Nxd4 16. Bxd4 Be6 17. Bf2 h6 18. f4 Rad8 19. b4 d4 20. Ne4 c5 21. bxc5 Bxc5 22. Ng3 Qd7 23. Qd3 f5 24. exf6 Rxf6 25. Ne4 Rf5 26. Nxc5 Rxc5 27. Rad1 Rd5 28. Qa6 Bg4 29. Rd2 c5 30. h3 Bh5 31. Bh4 Re8 32. Rxe8+ Bxe8 33. Re2 Bf7 1/2-1/2

[Event "Ceske Budejovice op"]
[Site "Ceske Budejovice"]
[Date "2021.07.06"]
[Round "6"]
[White "Finek, Vaclav"]
[Black "Borkovec, Milan"]
[Result "1/2-1/2"]
[WhiteElo "2378"]
[BlackElo "2196"]
[PlyCount "85"]
[EventDate "2021.07.01"]
[EventType "swiss"]
[EventRounds "9"]
[EventCountry "CZE"]
[SourceTitle "CBM 203 Extra"]
[Source "ChessBase"]
[SourceDate "2021.09.30"]
[SourceVersion "1"]
[SourceVersionDate "2021.09.30"]
[SourceQuality "1"]

1. d4 Nf6 2. c4 g6 3. Nf3 Bg7 4. g3 0-0 5. Bg2 d6 6. 0-0 Nbd7 7. Nc3 c5 8. d5 a6 9. a4 Rb8 10. e4 Ne8 11. h3 Nc7 12. Qd3 b6 13. Nd2 Ne5 14. Qc2 e6 15. f4 Nd7 16. Kh1 exd5 17. cxd5 b5 18. axb5 axb5 19. Nd1 Bb7 20. Ra3 Ra8 21. Rxa8 Qxa8 22. b4 Qa4 23. Qxa4 bxa4 24. bxc5 Nxc5 25. Ne3 Nb3 26. Ndc4 Ba6 27. Ba3 Nb5 28. Bb4 Bd4 29. Re1 Nc5 30. Rd1 f6 31. Nc2 Bc3 32. Nxd6 Bxb4 33. Nxb5 Bxb5 34. Nxb4 Rb8 35. Nc6 Ra8 36. Nd4 Bd7 37. Ra1 Rb8 38. e5 fxe5 39. fxe5 Rb4 40. Nc2 Rb2 41. Nd4 Rd2 42. Nc6 Kf8 43. Kg1 1/2-1/2

[Event "Ceske Budejovice op"]
[Site "Ceske Budejovice"]
[Date "2021.07.02"]
[Round "2"]
[White "Borkovec, Milan"]
[Black "Zhou, Lepu Coco"]
[Result "1-0"]
[WhiteElo "2196"]
[BlackElo "1873"]
[PlyCount "57"]
[EventDate "2021.07.01"]
[EventType "swiss"]
[EventRounds "9"]
[EventCountry "CZE"]
[SourceTitle "CBM 203 Extra"]
[Source "ChessBase"]
[SourceDate "2021.09.30"]
[SourceVersion "1"]
[SourceVersionDate "2021.09.30"]
[SourceQuality "1"]

1. e4 e5 2. Nf3 Nc6 3. d4 exd4 4. Bc4 Nf6 5. e5 d5 6. Bb5 Ne4 7. Nxd4 Bd7 8. Bxc6 bxc6 9. 0-0 Bc5 10. f3 Ng5 11. Be3 Bb6 12. f4 Ne4 13. Nd2 Nxd2 14. Qxd2 c5 15. Nf3 d4 16. Bf2 0-0 17. b3 Bc6 18. a4 a5 19. f5 Be4 20. f6 h6 21. fxg7 Kxg7 22. Bh4 Qd7 23. Bf6+ Kg6 24. Rae1 Bxc2 25. Qxc2+ d3 26. Qc4 Kh7 27. e6 Qc6 28. Qxd3+ Kg8 29. exf7+ 1-0

[Event "Ceske Budejovice op"]
[Site "Ceske Budejovice"]
[Date "2021.07.01"]
[Round "1"]
[White "Chval, Zdenek1111"]
[Black "Borkovec, Milan"]
[Result "0-1"]
[WhiteElo "1862"]
[BlackElo "2196"]
[PlyCount "82"]
[EventDate "2021.07.01"]
[EventType "swiss"]
[EventRounds "9"]
[EventCountry "CZE"]
[SourceTitle "CBM 203 Extra"]
[Source "ChessBase"]
[SourceDate "2021.09.30"]
[SourceVersion "1"]
[SourceVersionDate "2021.09.30"]
[SourceQuality "1"]

1. e4 e5 2. Nf3 Nc6 3. Bb5 a6 4. Ba4 Nf6 5. 0-0 Be7 6. Re1 b5 7. Bb3 d6 8. c3 0-0 9. h3 h6 10. d4 Bb7 11. Nbd2 Re8 12. Nf1 Bf8 13. Ng3 Na5 14. Bc2 g6 15. Nh2 Bg7 16. f4 exf4 17. Bxf4 c5 18. dxc5 dxc5 19. Qf3 Nc4 20. b3 Ne5 21. Qf2 Qe7 22. Rad1 Rad8 23. Qe3 Kh7 24. Rxd8 Rxd8 25. Nf5 gxf5 26. exf5 Nf3+ 27. Nxf3 Qxe3+ 28. Rxe3 Nd5 29. Rd3 Bxc3 30. Be3 c4 31. Rd1 Nxe3 32. Rxd8 Bxf3 33. Bb1 Bd1 34. Kf2 Bc2 35. Bxc2 Nxc2 36. bxc4 bxc4 37. Rc8 Na3 38. Ke2 Kg7 39. g4 Bf6 40. Ra8 c3 41. Rxa6 c2 0-1

[Event "CZE-ch Betsys Online Blitz"]
[Site "Chess.com INT"]
[Date "2021.04.17"]
[Round "5"]
[White "Lorenc, Tomas"]
[Black "Borkovec, Milan"]
[Result "1-0"]
[WhiteElo "2186"]
[BlackElo "2196"]
[PlyCount "79"]
[EventDate "2021.04.17"]
[EventType "swiss (blitz)"]
[EventRounds "13"]
[EventCountry "CZE"]
[SourceTitle "CBM 201 Extra"]
[Source "ChessBase"]
[SourceDate "2021.05.31"]
[SourceVersion "1"]
[SourceVersionDate "2021.05.31"]
[SourceQuality "1"]

1. c4 Nf6 2. g3 g6 3. Bg2 Bg7 4. Nc3 0-0 5. Nf3 d6 6. 0-0 Nc6 7. d3 e5 8. Rb1 Bf5 9. b4 Qd7 10. b5 Nd8 11. Nd5 c6 12. bxc6 bxc6 13. Nxf6+ Bxf6 14. Ba3 Be7 15. Qa4 Bh3 16. Nd2 Bxg2 17. Kxg2 f5 18. Rfc1 f4 19. Ne4 Ne6 20. Qa6 d5 21. Rb7 Qxb7 22. Qxb7 Bxa3 23. cxd5 Bxc1 24. dxe6 fxg3 25. hxg3 Rae8 26. e7 Rf7 27. Qxc6 Rexe7 28. Qxc1 Rc7 29. Qg5 Rce7 30. Nf6+ Kg7 31. Nd5 Re6 32. Nc3 Rc7 33. Ne4 Rc2 34. Qd8 Rb6 35. Qe7+ Kh6 36. Qxe5 Rxe2 37. Qg5+ Kg7 38. Qe7+ Kh6 39. Qf8+ Kh5 40. Qf3+ 1-0

[Event "CZE-ch Betsys Online Blitz"]
[Site "Chess.com INT"]
[Date "2021.04.17"]
[Round "12"]
[White "Nezval, Filip1111"]
[Black "Borkovec, Milan"]
[Result "0-1"]
[WhiteElo "2002"]
[BlackElo "2196"]
[PlyCount "98"]
[EventDate "2021.04.17"]
[EventType "swiss (blitz)"]
[EventRounds "13"]
[EventCountry "CZE"]
[SourceTitle "CBM 201 Extra"]
[Source "ChessBase"]
[SourceDate "2021.05.31"]
[SourceVersion "1"]
[SourceVersionDate "2021.05.31"]
[SourceQuality "1"]

1. d4 Nf6 2. c4 g6 3. Nc3 Bg7 4. e4 0-0 5. Nf3 d6 6. Bg5 Na6 7. Be2 e5 8. d5 c6 9. 0-0 cxd5 10. Nxd5 Be6 11. Nxf6+ Bxf6 12. Bxf6 Qxf6 13. Qd2 Rfd8 14. b3 Nc5 15. Bd3 Bg4 16. Ne1 Bd7 17. Nc2 Bc6 18. f3 Ne6 19. Ne3 Nf4 20. g3 Ne6 21. Rac1 Nd4 22. Be2 a5 23. Nd5 Bxd5 24. exd5 Qe7 25. Bd3 f5 26. f4 e4 27. Be2 Nxe2+ 28. Qxe2 Qf6 29. Qe3 Qb2 30. Rf2 Qf6 31. Qc3 Qxc3 32. Rxc3 b6 33. Re2 Kf7 34. Kf2 Kf6 35. Ke3 h6 36. a3 g5 37. Rcc2 Rg8 38. Rg2 Rg7 39. h4 Rag8 40. hxg5+ hxg5 41. fxg5+ Ke5 42. g4 Rxg5 43. Rcf2 Rxg4 44. Rxg4 Rxg4 45. Rh2 f4+ 46. Kd2 Kd4 47. Rh6 Rg2+ 48. Kd1 Kd3 49. Kc1 e3 0-1

[Event "CZE-ch Betsys Online Blitz"]
[Site "Chess.com INT"]
[Date "2021.04.17"]
[Round "7"]
[White "Sulc, Jaromir"]
[Black "Borkovec, Milan"]
[Result "0-1"]
[WhiteElo "2059"]
[BlackElo "2196"]
[PlyCount "94"]
[EventDate "2021.04.17"]
[EventType "swiss (blitz)"]
[EventRounds "13"]
[EventCountry "CZE"]
[SourceTitle "CBM 201 Extra"]
[Source "ChessBase"]
[SourceDate "2021.05.31"]
[SourceVersion "1"]
[SourceVersionDate "2021.05.31"]
[SourceQuality "1"]

1. d4 Nf6 2. c4 g6 3. Nc3 Bg7 4. e4 0-0 5. Be3 d6 6. h3 e5 7. d5 a5 8. g4 Na6 9. Nge2 Nc5 10. Ng3 c6 11. Be2 cxd5 12. cxd5 b6 13. Qd2 Ba6 14. g5 Nfd7 15. Nb5 Bxb5 16. Bxb5 f6 17. gxf6 Qxf6 18. 0-0-0 Rac8 19. Kb1 Qf3 20. Be2 Nxe4 21. Nxe4 Qxe4+ 22. Ka1 Qb4 23. Qxb4 axb4 24. Bg4 Rc7 25. Rc1 Nc5 26. Kb1 h5 27. Be2 Ra8 28. Bd2 b3 29. a3 Rf8 30. Be3 Kh7 31. Rhg1 Bh6 32. Rc3 Bxe3 33. fxe3 Rcf7 34. Bd1 Rf2 35. Bxb3 Rf1+ 36. Rxf1 Rxf1+ 37. Ka2 Rf3 38. Bc2 Rxh3 39. b4 Nd7 40. Rc6 Rxe3 41. Rxd6 Nf8 42. Rxb6 h4 43. d6 h3 44. d7 Nxd7 45. Bxg6+ Kg7 46. Rb7 Kxg6 47. Rxd7 h2 0-1

[Event "CZE-ch Betsys Online Blitz"]
[Site "Chess.com INT"]
[Date "2021.04.17"]
[Round "10"]
[White "Vykouk, Jan"]
[Black "Borkovec, Milan"]
[Result "1-0"]
[WhiteElo "2442"]
[BlackElo "2196"]
[PlyCount "61"]
[EventDate "2021.04.17"]
[EventType "swiss (blitz)"]
[EventRounds "13"]
[EventCountry "CZE"]
[SourceTitle "CBM 201 Extra"]
[Source "ChessBase"]
[SourceDate "2021.05.31"]
[SourceVersion "1"]
[SourceVersionDate "2021.05.31"]
[SourceQuality "1"]

1. e4 e5 2. Nf3 Nc6 3. Bc4 Nf6 4. Ng5 d5 5. exd5 Na5 6. Bb5+ c6 7. dxc6 bxc6 8. Be2 h6 9. Nh3 Bd6 10. d3 0-0 11. Nc3 Nd5 12. Bf3 Be6 13. Ng1 f5 14. Nge2 Nb7 15. 0-0 Qc7 16. g3 Rae8 17. Bg2 Bc5 18. d4 Nxc3 19. bxc3 Bd6 20. dxe5 Bxe5 21. Bf4 Bc4 22. Re1 Rd8 23. Bxe5 Qxe5 24. Nd4 Qc5 25. Qc1 Na5 26. Nb3 Qb5 27. Qf4 Bd5 28. Nd4 Qc4 29. Bxd5+ cxd5 30. Ne6 Qxf4 31. gxf4 1-0

[Event "CZE-chT2A 1920"]
[Site "Czech Republic"]
[Date "2020.06.27"]
[Round "10.2"]
[White "Borkovec, Milan"]
[Black "Koubova, Anna Marie"]
[Result "0-1"]
[WhiteElo "2209"]
[BlackElo "2099"]
[PlyCount "60"]
[EventDate "2019.10.13"]
[EventType "team-tourn"]
[EventRounds "11"]
[EventCountry "CZE"]
[SourceTitle "EXT 2024"]
[Source "ChessBase"]
[SourceDate "2023.10.10"]
[SourceVersion "1"]
[SourceVersionDate "2023.10.10"]
[SourceQuality "1"]
[WhiteTeam "Tabor"]
[BlackTeam "Unichess Reserve"]
[WhiteTeamCountry "CZE"]
[BlackTeamCountry "CZE"]

1. e4 c5 2. Nf3 e6 3. d4 cxd4 4. Nxd4 Nf6 5. Nc3 Nc6 6. Ndb5 Bb4 7. a3 Bxc3+ 8. Nxc3 d5 9. exd5 exd5 10. Bd3 0-0 11. 0-0 d4 12. Ne4 Bf5 13. Bg5 Bxe4 14. Bxe4 h6 15. Bh4 Qd6 16. Bxc6 bxc6 17. Qf3 Qd5 18. Qxd5 Nxd5 19. Rfd1 Rfb8 20. Rab1 Rb6 21. Kf1 Rab8 22. Bg3 R8b7 23. Rxd4 Nc3 24. Re1 Rxb2 25. Rc4 Nb1 26. Rxc6 Nxa3 27. Rc8+ Kh7 28. Rc1 Nb1 29. c4 Nd2+ 30. Kg1 Rb1 0-1

[Event "CZE-chT1W 1920"]
[Site "Czech Republic"]
[Date "2020.06.13"]
[Round "10.6"]
[White "Vasek, Jan"]
[Black "Borkovec, Milan"]
[Result "1/2-1/2"]
[WhiteElo "2134"]
[BlackElo "2199"]
[PlyCount "105"]
[EventDate "2019.10.20"]
[EventType "team-tourn"]
[EventRounds "11"]
[EventCountry "CZE"]
[SourceTitle "EXT 2021"]
[Source "ChessBase"]
[SourceDate "2020.10.23"]
[SourceVersion "1"]
[SourceVersionDate "2020.10.23"]
[SourceQuality "1"]
[WhiteTeam "Pankrac"]
[BlackTeam "Ceske Budejovice"]
[WhiteTeamCountry "CZE"]
[BlackTeamCountry "CZE"]

1. e4 e5 2. Nf3 Nc6 3. Bc4 Nf6 4. d3 Be7 5. Bb3 d6 6. c3 0-0 7. 0-0 Na5 8. Bc2 c5 9. Nbd2 Nc6 10. Re1 Re8 11. h3 h6 12. Nf1 Bf8 13. d4 cxd4 14. cxd4 exd4 15. Nxd4 a6 16. Ng3 Nxd4 17. Qxd4 Be6 18. Bd2 Rc8 19. Bc3 b5 20. a3 Nd7 21. Nf5 Ne5 22. Re3 Rc4 23. Qd1 Rc8 24. Rg3 g6 25. Nd4 Bg7 26. Nxe6 Rxe6 27. Qd5 Nc4 28. Bb3 Rc5 29. Qb7 Bxc3 30. Rxc3 Na5 31. Qxa6 d5 32. Qxa5 Qxa5 33. Rxc5 Rxe4 34. Bxd5 Re1+ 35. Rxe1 Qxe1+ 36. Kh2 Qe5+ 37. g3 Qxb2 38. Kg2 Qxa3 39. Rxb5 Qd6 40. Bf3 Kg7 41. Rd5 Qe6 42. Rd4 Qe5 43. Rf4 f5 44. Rc4 g5 45. g4 fxg4 46. hxg4 Qd6 47. Rc6 Qe5 48. Rb6 Qd4 49. Rb7+ Kg6 50. Rb5 Kg7 51. Rf5 Kg6 52. Kg3 h5 53. Be2 1/2-1/2